Perspectivas económicas para 1989 /
Empieza por la consideración de que, al ser 1989 un año pre-electoral, el gobierno saliente de Arias Sánchez querrá dejar una buena imagen en el electorado, tomando una serie de medidas en el campo socio-económico. Por ello infiere que: i) en la producción se espera un crecimiento del PIB cercano al...
Guardado en:
| Autor principal: | |
|---|---|
| Formato: | Texto |
| Lenguaje: | Spanish |
| Materias: | |
| Etiquetas: |
Agregar Etiqueta
Sin Etiquetas, Sea el primero en etiquetar este registro!
|
MARC
| LEADER | 00000 a a2200000 04500 | ||
|---|---|---|---|
| 001 | 8701 | ||
| 003 | cru IIS | ||
| 005 | 20211018133110.0 | ||
| 008 | 211018b |||||||| |||| 00| 0 spa d | ||
| 040 | |c cru IIS | ||
| 100 | 1 | |a Vargas, Thelmo | |
| 245 | 1 | |a Perspectivas económicas para 1989 / |c Thelmo Vargas | |
| 500 | |a Colección Centroamérica | ||
| 520 | |a Empieza por la consideración de que, al ser 1989 un año pre-electoral, el gobierno saliente de Arias Sánchez querrá dejar una buena imagen en el electorado, tomando una serie de medidas en el campo socio-económico. Por ello infiere que: i) en la producción se espera un crecimiento del PIB cercano al 3.5 por ciento (contra un 2.9 por ciento de crecimiento de la población) respecto a 1988, que redundará en una reducción de la tasa de desempleo abierto |a ii) el sector público aumentará sus gastos, por salarios e infraestructura, así como gastos sociales |a al mismo tiempo el déficit consolidado del sector continuará elevado, pues no es de esperar aumentos significativos en la carga tributaria |a iii) las exportaciones han de aumentar respecto a 1988, al igual que las importaciones -pero a menor ritmo que aquéllas. El déficit de la balanza comercial se reducirá y es necesario que en 1989 se negocien los pagos del servicio de la deuda externa |a iv) la liquidez total ha de aumentar para financiar un mayor volumen de transacciones reales y para que el poder adquisitivo del crédito no decrezca en un año electoral, y demandarán que los depósitos previos se reduzcan. Se espera que el mayor componente de la liquidez total sea el cuasi-dinero y no el dinero |a y, v) la inflación se puede mantener en un nivel del 15 por ciento y las demandas salariales andarán en niveles cercanos a la inflación, que por lo demás provocarán una mayor devaluación del colón. Se presenta un cuadro-resumen del perfil económico (indicadores macroeconómicos) de 1988-1989. EB/MR | ||
| 650 | |a CRECIMIENTO ECONOMICO | ||
| 650 | |a PRODUCTO INTERNO BRUTO | ||
| 650 | |a DESEMPLEO | ||
| 650 | |a GASTOS PUBLICOS | ||
| 650 | |a INVERSIONES PUBLICAS | ||
| 650 | |a COSTOS SOCIALES | ||
| 650 | |a DEFICIT | ||
| 650 | |a EXPORTACIONES | ||
| 650 | |a IMPORTACIONES | ||
| 650 | |a BALANZA COMERCIAL | ||
| 650 | |a DEUDA EXTERNA | ||
| 650 | |a HACIENDA PUBLICA | ||
| 650 | |a LIQUIDEZ | ||
| 650 | |a CREDITO | ||
| 650 | |a PRECIOS AL POR MAYOR | ||
| 650 | |a PRECIOS AL CONSUMIDOR | ||
| 650 | |a BALANZA COMERCIAL | ||
| 650 | |a TIPO DE CAMBIO | ||
| 651 | 0 | |9 32 |a COSTA RICA | |
| 773 | |g núm 9 (1989), páginas 2-3 | ||
| 773 | 0 | |0 43333 |9 6233 |a Bolsa Nacional de Valores |d San José, Costa Rica Bolsa Nacional de Valores |o MFN: 1690 |t Informativo de la Bolsa Nacional de Valores/ | |
| 942 | |2 ddc |c PP | ||
| 999 | |c 33506 |d 33506 | ||
